000 01153nam a2200241Ia 4500
003 OSt
005 20210525183637.0
008 210310s2008 ck gr 000 0 spa d
020 _a9789588235950
040 _aCO-JMCR
_cCO-JMCR
041 0 _aspa
082 0 4 _a331.11 /
_bJ371m
_223
100 1 _aJaramillo Gómez, Jaime,
_eautor
_926453
245 1 0 _aModelo para la generación de empleo :
_bsolución al desempleo en América Latina /
_cJaime Jaramillo Gómez
260 _aMedellín, Colombia :
_bDike,
_c2008.
300 _a63 páginas ;
_c21cm.
490 0 _aBiblioteca Jurídica
505 0 _aDesempleado. -- Protección al medio ambiente. -- Jóvenes de 18 a 23 años. -- Centro internacional de Maquila. -- Cambio en el calendario. -- Juzgados móviles. -- Emprendedores. -- Registraduría Nacional.
520 0 _aEl desarrollo de nuestras economías en América Latina ha sido una preocupación constante de todos los organismos internacionales, gobiernos, editoriales, redactores y colunistas.
650 1 4 _aModelo para la generación de empleo
_937891
650 2 4 _aGeneración de empleo
_zLatino América
_937892
942 _2ddc
_cBK
999 _c11789
_d11789